Introduction to data structures and non-numeric computation /

Guardado en:
Autor Principal: Brillinger, Peter C., 1943-
Otros Autores: Cohen, Doron J., 1941-
Formato: Libro
Idioma:English
Publicado: Englewood Cliffs, N.J. : Prentice-Hall, c1972.
Series:Prentice-Hall series in automatic computation
Materias:
Etiquetas: Agregar Etiqueta
Sin Etiquetas, Sea el primero en etiquetar este registro!
LEADER 00694cam a22001935 4500
001 MAT.inmabb002121
008 720626s1972####njua##########001#0#eng#d
005 20160606163208.0
245 1 0 |a Introduction to data structures and non-numeric computation /  |c Peter C. Brillinger, Doron J. Cohen. 
260 |a Englewood Cliffs, N.J. :  |b Prentice-Hall,  |c c1972. 
300 |a 629 p. :  |b il. ;  |c 24 cm. 
440 0 |a Prentice-Hall series in automatic computation 
020 |a 0134798996 
100 1 |a Brillinger, Peter C.,  |d 1943- 
700 1 |a Cohen, Doron J.,  |d 1941- 
084 |a 68P05  |2 msc2000 
650 0 |a FORTRAN (Computer program language) 
010 |a  72005632  
859 |h 68  |i B857  |p A-3775  |b BIB. MATEMATICA